OBGYN - OB Fast Facts - Statistics

General Stats
  • This quiz has been taken 15 times
    13 since last reset
  • The average score is 16 of 91
Answer Stats
hint answer % Correct
full term is how many weeks gestation 37
88%
antihypertensives commonly used in pregnancy labetalol, nifedipine, hydralazine
88%
normal fetal HR 110-160bpm
75%
antihypertensive meds should be prescribed for preeclampsia when BP exceeds 160/110
75%
spontaneous abortion (miscarriage) is defined as pregnancy loss before this many weeks gestation 20
75%
true or false: Rh negative mothers do not need anti-D IG if they have a spontaneous abortion < 13weeks FALSE
75%
first line pharmacologic therapy for gestational diabetes insulin
75%
maneuver used to facilitate passage of the shoulder through the pelvis during childbirth complicated by shoulder dystocia mcroberts
75%
the turtle sign during childbirth might indicate shoulder dystocia
75%
anti-D immune globulin should be given at this many weeks gestation 28
63%
only cure for preeclampsia delivery
63%
new onset hypertension and proteinuria (or evidence of end organ damage) is also know as this gestational condition occuring after 20 weeks preeclampsia
63%
max score on the biophysical profile reactive nonstress test 10
50%
seizure prophylaxis in preeclamptic/hypertensive patients during labor magnesium sulfate
50%
MCC of painless third trimester bleeding placenta previa
50%
form of hydatiform mole (complete, partial) w/ high risk of malignancy complete
38%
this subtype of preeclampsia may not present with hypertension or proteinuria, instead physical exam includes hemolysis, elevated liver enzymes, and low platelets HELLP syndrome
38%
hCG levels in trophoblastic disease are usually much (higher/lower) than normal higher
38%
Postpartum hemorrhage is described as fluid loss above 1,000mL
25%
cervix length < this many mm on US indicates cervical changes consistent with preterm labor 20
25%
all patients w/ preeclampsia should be delivered at 37w
25%
daily medication given to women w/ RF for preeclampsia, to reduce their risk aspirin
25%
gestational diabetes increases your risk for this amniotic abnormality polyhydramnios
25%
hormone responsible for breast milk production prolactin
25%
first line treatment for preterm labor < 34 weeks tocolytics
25%
fetal station when baby reaches ischial spine 0
13%
cervical cerclage is recommended at this gestational age in women w/ a history of cervical insufficiency 12-14w
13%
gestational diabetes should be screened for at this gestational age 24-28weeks
13%
cervix < this many mm is an indication for cervical cerclage 25mm
13%
hCG shoulder double this often 2d
13%
labor is induced at this gestational age in women w/ stable preeclampsia 37w
13%
preterm rupture of membranes is rupture of membranes prior to labor (contractions) in women beyond what gestational age 37w
13%
cervical dilation beyond this (≥) value indicates cervical changes consistent with preterm labor 3cm
13%
24h urine protein exceeding this many grams indicates proteinuria 3g
13%
complete hydatiform mole karyotype 46XX
13%
preterm labor is defined as regular, painful contractions ≤ this many minutes apart for at least an hour, accompanied by cervical changes 5m
13%
incomplate hydatiform mole karyotype 69XX(X/Y)
13%
in cases of suspected RhD incompatibility, this diagnostic test should be used to assess the flow of the middle cerebral artery of the fetus, which can suggest critical fetal anemia doppler velocimetry
13%
appropriate management of spontaneous miscarriage before 14 weeks gestation expectant management
13%
MC breech position Frank
13%
in patients w/ new onset hypertension before 20weeks gestation, suspected hydatiform mole
13%
pharmacologic management of spontaneous abortion mifepristone then misoprostol
13%
during fetal heart monitoring, this type of HRV is considered normal moderate (6-25bpm)
13%
term meaning lower than level amount of amniotic fluid oligohydramnios
13%
hormone responsible for lactation oxytocin
13%
Antenatal steroid therapy should be given prophylactically to women < 34w gestation w/ this condition preeclampsia
13%
above what urine protein to creatinine ratio indicates proteinuria 0.3mg
0%
Fetal heart tones are detectable by doppler US at this gestational age 10w
0%
cervical cerclage is recommended at this gestational age in women w/ cervical shortening and suspected cervical insufficiency 14-16w
0%
fetal movement may be felt this early in multiparous women 14w
0%
Maternal quad screen can be performed between this gestational age range 16-20w
0%
fetal movement is felt in primiparous mothers at this GA 18-20w
0%
Gestational sac should be visible when hcg reaches what level 2,000miU/mL
0%
the uterine fundus can be palpated at the umbilicus at this many week gestation 20w
0%
amount of weight that should be gained over the entire pregnancy in women w/ a normal (18.5-24.9) BMI 25-35lbs
0%
GA at which Tdap booster is given to the mother 27-36w
0%
GBS testing occurs late in pregnancy at this many weeks gestational 35-37w
0%
perineal tear reaching the anal sphincter is this degree tear 3rd
0%
the lochia that follows pregnancy lasts for this many weeks 5
0%
Amniotic fluid index < X cm is considered oligohydramnios 5cm
0%
active labor begins at this ≥ Xcm cervical dilation 6
0%
ACOG and APA recommend exclusive breastfeeding for at least this many months 6mo
0%
women not breastfeeding will begin menstruating around this many weeks postpartum 7-9w
0%
hCG can be detectable in pregnancy this many days after implantation 8-10d
0%
most spontaneous abortion occur before this gestational age 8w
0%
Vitamin most likely to cause fetatoxicity A
0%
this disorder occurs as a result of intrauterine adhesions s/p postpartum hemorrhage which ultimately cause amenorrhea asherman syndrome
0%
breastfeeding decreases risk of these three cancers breast, endometrial, ovarian
0%
Bluish discoloration of the cervix is known as chadwick sign
0%
greatest RF for endometritis c-section
0%
Slow rising hCG levels may indicate Ectopic pregnancy
0%
classic triad for this condition is dyspareunia, dysmenorrhea, and dyschezia endometriosis
0%
treatment for postdural puncture headache epidural blood patch
0%
antibiotic regimen for endometritis gentamicin + clindamycin
0%
Softening of the cervix is known as goodell sign
0%
Softening of the uterus is known as hegars sign
0%
Antirheumatic drug acceptable for pregnancy hydroxychloroquine
0%
MC RF for developing placental abruption hypertension
0%
vertebral level at which most epidurals are placed for labor L3-L4
0%
Maneuvers used in 35-37 weeks geststion to determine fetal presentation and lie leopold maneuvers
0%
examples of live vaccines that should be avoided during pregnancy live attenuated influenza, MMR, live zoster, varicella
0%
MC direction of surgical incision if episiotomy is necessary due to decreased risk of anal sphincter tear mediolateral
0%
MC RF for placenta previa multiparity
0%
placenta acreta is invasion of the placenta into the myometrium
0%
treatment for preterm rupture of membranes oxytocin
0%
preferred incision for c-section delivery Pfannenstiel (low transverse)
0%
MC complication of multiple gestations pregnancy preterm birth
0%
Alpha-fetoprotein, human chorionic gonadotropin, estriol, and inhibin A quadruple test
0%
complication arising from postpartum hemorrhage causing panhypopituitarism sheehan syndrome
0%
vaccines that should be given during pregnancy Tdap
0%
MCC of postpartum hemorrhage uterine atony
0%
No matching quizzes found
Score Distribution
Percent of People with Each Score
Percentile by Number Answered
Your Score History
You have not taken this quiz since the last reset